000 00260 a2200109 4500
001 55468
082 _a623.74632 LYN
090 _c34422
_d34422
100 _aLynch, David Jr
245 _aIntroduction to RF stealth with CD
260 _aNY
_bScitech
_c2004
942 _aNUST-CAE
_k623.74632 LYN
999 _c290541
_d290541